Responses for Show #8604 - Thursday, March 24, 2022

Contestants

[<< previous game]

Omar Khalid, a public health official from New Orleans , Louisiana

Ciara Donegan, an undergraduate student from Towson, Maryland

Tim McCaigue, an app developer from San Diego, California (whose 1-day cash winnings total $16,800)

[next game >>]

Jeopardy! Round responses

MYTHOLOGICAL ENDINGS
CLASSIC CARS
FAST FACT
IF YOU LIKED IT
THEN YOU SHOULD HAVE...
PUT A "RING" ON IT
    $200 12
Medusa

Ciara
    $200 6
Volkswagen

Ciara
    $200 8
In the beginning

Ciara
    $200 13
Beyoncé

Ciara
    $200 16
the Watergate Hotel

Omar
    $200 30
spring forward

Tim
    $400 11
(Ciara: What is the Argonaut?)
(Ken: No.)
(Ciara: [*].)

the Argo

CiaraOmar
    $400 29
Jaguar

Omar
    $400 9
a cardigan

Ciara
    $400 14
60 Minutes

Ciara
    $400 17
an Edsel

Omar
    $400 25
battering ram

Tim
    $600 4
Icarus

Ciara
    $600 28
(Ken: That's right, Peugeot had the 901.)

911

Omar
    $600 10
Airbnb

Triple Stumper
    $600 15
(Ken: Yes, the much higher stakes, [*].)

Squid Game

Ciara
    $600 18
Boss Tweed

Tim
    $600 1
herringbone

Tim
    $800 5
Narcissus

Omar
    $800 26
Corvette

Omar
    $800 23
pine

Ciara
    $800 19
the Bee Gees

Omar
    $800 21
(Ken: Yes, really sticking it to him there.)
[Laughter]

William Jennings Bryan

Omar
    $800 2
shoestring

Tim
    $1000 7
Jocasta

Ciara
    $1000 27
Cadillac

Omar
    $3,000 24
Forever

Ciara
    $1000 20
The Conjuring

Ciara
    $1000 22
(Major John) André

Tim
    $1000 3
cantering

Ciara

Scores at the first commercial break (after clue 15):

Tim Ciara Omar
$1,400 $4,400 $1,200

Scores at the end of the Jeopardy! Round:

Tim Ciara Omar
$3,600 $9,200 $6,200

Double Jeopardy! Round responses

AUSTRIA'S BORDERS
20th CENTURY FICTION
SCI. & MED. ABBREV.
FEUD ORIGINS
IT'S A RACE
DOUBLE MEANINGS
    $400 26
Germany

Omar
    $400 28
Jurassic Park

Ciara
    $400 15
a fracture

Ciara
    $400 30
the McCoys

Omar
    $400 7
Honolulu

Tim
    $400 17
graze

Tim
    $800 22
Hungary

Ciara
    $800 25
(Toni) Morrison

Omar
    $800 14
temperature & pressure

Omar
    $800 29
the nervous system

Ciara
    $800 27
Bay

Omar
    $800 16
swallow

Omar
    $4,000 19
Liechtenstein

Tim
    $1200 1
(Tim: Who is Moore?)

(Aldous) Huxley

TimCiara
    $1200 13
luteinizing hormone

Triple Stumper
    $1200 18
Joe Tinker

Triple Stumper
    $1200 5
sailboats (yachts)

Ciara
    $1200 8
plaque

Ciara
    $1600 20
the Tyrol

Triple Stumper
    $1600 2
du Maurier

Tim
    $4,000 3
zenith

Tim
    $1600 23
(Tim: Who is Ann Landers and Dear Abby?)

Hedda Hopper

Tim
Triple Stumper
    $1600 4
(Ciara: What is steeplechase?)

the Derby Stakes

Ciara
Triple Stumper
    $1600 11
import

Omar
    $2000 21
(Ken: You got it, the capital of Slovakia.)

Bratislava

Ciara
    $2000 9
Adano

Triple Stumper
    $2000 10
opposite over hypotenuse

Ciara
    $2000 24
Marcel Proust

Triple Stumper
    $2000 6
Le Mans

Omar
    $2000 12
(Ken: Right, like the [*] plane.)

inclined

Ciara

Scores at the end of the Double Jeopardy! Round:

Tim Ciara Omar
$11,200 $19,600 $13,800

[wagering suggestions for these scores]

Final Jeopardy! Round responses

DISNEY CHARACTERS
(Ken: [To Tim] From Aladdin, yes; it's an idiom from Arabic, meaning "a beautiful girl".)
TimWho is Jasmine
$10,000
OmarWho is Princess Jasmine?
$11,000
CiaraWho is Jasmine?
$8,001
(Princess) Jasmine

Final scores:

Tim Ciara Omar
$21,200 $27,601 $24,800
3rd place: $1,000 New champion: $27,601 2nd place: $2,000

Game dynamics:

Coryat scores:

Tim Ciara Omar
$6,000 $17,600 $13,800
11 R
(including 2 DDs),
2 W
23 R
(including 1 DD),
2 W
18 R,
0 W

Combined Coryat: $37,400

[game clues] [game scores] [suggest correction]

Game tape date: 2022-01-19
The J! Archive is created by fans, for fans. Scraping, republication, monetization, and malicious use prohibited; this site may use cookies and collect identifying information. See terms. The Jeopardy! game show and all elements thereof, including but not limited to copyright and trademark thereto, are the property of Jeopardy Productions, Inc. and are protected under law. This website is not affiliated with, sponsored by, or operated by Jeopardy Productions, Inc. Join the discussion at JBoard.tv.